[Event "Stuttgart-chB int"]
[Site "Ditzingen"]
[Date "2006.05.28"]
[Round "7"]
[White "Baumeister, Juergen"]
[Black "Bujtas, Oliver"]
[Result "0-1"]
[WhiteElo "1697"]
[BlackElo "1811"]
[PlyCount "60"]
[EventDate "2006.05.25"]
[EventType "swiss"]
[EventRounds "7"]
[EventCountry "GER"]
[SourceTitle "EXT 2018"]
[Source "ChessBase"]
[SourceDate "2017.10.13"]
[SourceVersion "1"]
[SourceVersionDate "2017.10.13"]
[SourceQuality "1"]

1. d4 e6 2. Nf3 b6 3. e4 d5 4. exd5 Qxd5 5. c4 Qd8 6. Nc3 Nf6 7. Bg5 Be7 8. Bd3 Bb7 9. 0-0 Nbd7 10. Re1 0-0 11. Qe2 Re8 12. Rad1 Qc8 13. Ne5 Nf8 14. Bb1 c5 15. dxc5 Qxc5 16. Rd3 Rad8 17. Red1 Rxd3 18. Rxd3 Rd8 19. Rxd8 Bxd8 20. h4 h6 21. Bf4 Qd4 22. Bg3 a6 23. Kh2 N6d7 24. Ng4 f5 25. Be5 Qxg4 26. f3 Qxh4+ 27. Kg1 Nxe5 28. Qxe5 Bf6 29. Qc7 Bd4+ 30. Kf1 Qf2# 0-1

[Event "Stuttgart-chB"]
[Site "Stuttgart"]
[Date "2004.??.??"]
[Round "?"]
[White "Baumeister, Juergen"]
[Black "Bujtas, Oliver"]
[Result "1-0"]
[WhiteElo "1675"]
[BlackElo "1790"]
[PlyCount "155"]
[EventDate "2004.05.20"]
[EventType "swiss"]
[EventRounds "7"]
[EventCountry "GER"]
[SourceTitle "EXT 2007"]
[Source "ChessBase"]
[SourceDate "2006.11.23"]
[SourceVersion "1"]
[SourceVersionDate "2006.11.23"]
[SourceQuality "1"]

1. Nf3 f5 2. g3 Nf6 3. d3 g6 4. Bg2 Bg7 5. c3 d6 6. Qb3 c6 7. Nbd2 Na6 8. a4 Nc5 9. Qc2 a5 10. Nb3 Na6 11. e4 e5 12. Bg5 Be6 13. exf5 Bxf5 14. Nh4 Be6 15. 0-0 0-0 16. d4 exd4 17. Nxd4 Bf7 18. Rfe1 Qc7 19. Ne6 Bxe6 20. Rxe6 Nc5 21. Re2 Rae8 22. Rae1 Rxe2 23. Rxe2 Qf7 24. Bf4 Ne8 25. Bh3 Kh8 26. Nf3 Qc4 27. Ng5 Bf6 28. Ne4 Nxe4 29. Rxe4 Qf7 30. Qe2 g5 31. Be6 Qg6 32. Bf5 Qf7 33. Be6 Qg6 34. Bf5 Qf7 35. Bd2 d5 36. Be6 Qg7 37. Bxd5 Nd6 38. Re6 Nf5 39. Bc4 Qd7 40. Be3 b5 41. Bc5 Rd8 42. axb5 cxb5 43. Bxb5 Qd1+ 44. Qxd1 Rxd1+ 45. Kg2 Kg7 46. Re2 Rd5 47. b4 Bxc3 48. Bc4 Rd2 49. Rxd2 Bxd2 50. b5 Bc3 51. f4 Bb4 52. Bxb4 Ne3+ 53. Kf3 Nxc4 54. Bc3+ Kg6 55. fxg5 Kxg5 56. h3 a4 57. Ke2 Nd6 58. b6 Kf5 59. Kd3 Nb7 60. Kc4 Ke4 61. Kb4 Kd3 62. Be5 Ke4 63. Bf4 Kd4 64. Kxa4 Kc4 65. g4 Kc5 66. Be3+ Kc4 67. h4 Kd3 68. Bg1 Ke4 69. g5 Kf5 70. Kb5 Kg4 71. Bf2 Kf3 72. Bd4 Ke4 73. Bf6 Kd5 74. Bb2 Kd6 75. h5 Kd7 76. g6 hxg6 77. h6 Nd6+ 78. Ka6 1-0

[Event "Stuttgart-chB"]
[Site "Stuttgart"]
[Date "2003.??.??"]
[Round "?"]
[White "Stute, Wolfgang"]
[Black "Bujtas, Oliver"]
[Result "1/2-1/2"]
[WhiteElo "1890"]
[BlackElo "1820"]
[PlyCount "28"]
[EventDate "2003.??.??"]
[EventType "swiss"]
[EventRounds "9"]
[EventCountry "GER"]
[SourceTitle "EXT 2007"]
[Source "ChessBase"]
[SourceDate "2006.11.23"]
[SourceVersion "1"]
[SourceVersionDate "2006.11.23"]
[SourceQuality "1"]

1. d4 f5 2. Bg5 g6 3. c4 Bg7 4. Nc3 Nf6 5. e3 0-0 6. Nf3 d6 7. Be2 c6 8. Qc2 Qe8 9. d5 Na6 10. Rd1 h6 11. Bxf6 Bxf6 12. Nd4 Nc7 13. Qd2 Kh7 14. 0-0 Bd7 1/2-1/2